00523nam a2200193 a 450000100060000000300090000600800410001502000180005604000280007408200180010210000220012024500590014226000270020130000090022865000250023765000240026265000250028665000180031123820CO-ViMGA141112s2004 ck r 000 u spa d a9789586827621 aCO-ViMGAbspacCO-ViMGA04a658.151 J171c1 aJaramillo, Felipe10a¿como hacer analisis financiero? / cFelipe Jaramillo aColombia : bAlfaomega a89p.14aANALISIS FINANCIERO 14aCAPITAL DE TRABAJO 14aESTADOS FINANCIEROS 14aFLUJO DE CAJA